Agrarnaja programma boľševikov v pervoj russkoj revoľucii 1905 - 1907 godov.

Uložené v:
Podrobná bibliografia
Hlavný autor: Lopatkin, A. N.
Médium: Kniha
Jazyk:Slovak
Vydané: Moskva, 1955.
Fyzický popis: 38 s.
Tagy: Pridať tag
Žiadne tagy, Buďte prvý kto otaguje tento záznam!

MARC

LEADER 00000nam a22000004a 4500
001 000604635
005 20190102101514.0
008 190102s1955 xo e 000 0 slo d
040 |a SVKKK  |b slo  |c SVKKK  |e AACR2 
100 1 |a Lopatkin, A. N. 
245 1 0 |a Agrarnaja programma boľševikov v pervoj russkoj revoľucii 1905 - 1907 godov. 
260 |a Moskva,  |c 1955. 
300 |a 38 s. 
500 |a Záznam revízie 
910 |a svkkk 
998 |a BK 
090 |g SCKHL  |k Sklad Pribinova 2. posch.  |a III.22572  |j 106200  |i 2720598253  |4 Vyradená  |s Vyradená